Lecciones preliminares de análisis funcional /
Guardado en:
| Autor Principal: | |
|---|---|
| Formato: | Libro |
| Idioma: | Spanish |
| Publicado: |
Bahía Blanca :
INMABB-CONICET, Universidad Nacional del Sur,
1983.
|
| Series: | Notas de álgebra y análisis (Instituto de Matemática, Universidad Nacional del Sur) ;
no. 11 |
| Acceso en línea: | Texto escaneado (PDF) |
| Etiquetas: |
Agregar Etiqueta
Sin Etiquetas, Sea el primero en etiquetar este registro!
|
| LEADER | 01100nam a22002175a 4500 | ||
|---|---|---|---|
| 001 | MAT.inmabb003179 | ||
| 008 | 051031s1983####ag#a#####b####000#0#spa#d | ||
| 005 | 20151030115330.0 | ||
| 245 | 1 | 0 | |a Lecciones preliminares de análisis funcional / |c Rafael Panzone. |
| 260 | |a Bahía Blanca : |b INMABB-CONICET, Universidad Nacional del Sur, |c 1983. | ||
| 300 | |a v, 196 p. : |b il. ; |c 27 cm. | ||
| 490 | 0 | |a Notas de álgebra y análisis ; |v no. 11 | |
| 504 | |a Bibliografía: p. 195-196. | ||
| 505 | 8 | |a 1. Espacios de Banach -- 2. Espacios de Hilbert -- 3. Operadores completamente continuos -- 4. Operadores de Fredholm -- 5. Algunas nociones sobre análisis no lineal -- 6. Bases en espacios de Banach -- 7. Teoremas de punto fijo y aplicaciones. | |
| 500 | |a Incluye 'errata et addenda' (5 p.). | ||
| 510 | 4 | |a MR, |c 85a:46002 | |
| 100 | 1 | |a Panzone, Rafael. | |
| 830 | 0 | |a Notas de álgebra y análisis (Instituto de Matemática, Universidad Nacional del Sur) ; |v no. 11 | |
| 084 | |a 46-01 (47-01) |2 MR | ||
| 856 | 4 | 1 | |u http://inmabb-conicet.gob.ar/publicaciones/naa/naa-11.pdf |y Texto escaneado (PDF) |
| 859 | |b BIB. MATEMATICA | ||
